000
00299nam a2200121Ia 4500
005
20251222142023.0
008
251222s9999||||xx |||||||||||||| ||spa||
082
_a
985.04/A34
100
_a
Alayza Paz Soldán, Luis
245
0
_a
El Egregio Limeño Morales y Duarez
264
_b
Luman
942
_c
LIB
999
_c
10719
_d
10719